000 00308nam a22001337a 4500
008 170922b xxu||||| |||| 00| 0 eng d
020 _a9780759113268
041 _aeng
080 _a37
100 _a46
101 _aEDU
245 _aCAUSAL EXPLANATION FOR SOCIAL SCIENTISTS
_cVAYDA,A.P
942 _2udc
_cBK
999 _c29112
_d29112